00225nam a2200097Ia 4500008004100000041000800041082001400049100001900063245003600082260000900118240625s9999 xx 000 0 und d aeng a519.5 SHA aSHARMA SUBHASH aAPPLIED MULTIVARIATE TECHNIQUES c1996